000 00340nam a2200121 4500
008 861 T998e
082 _a861
_bT998e
100 _aTzoc, Manuel
_95646
245 _aescop(o)etas para una muerte en versos b...ala
260 _aGuatemala
_bediciones bizarras
_c2015
300 _a55
_bill
_c17 x 9 cm
650 _xliteratura
_xGuatemala
_xpoesía
_96227
999 _c1419
_d1419